Statistics for Match Every U.S. Vice President to their President - A Click Quiz

Click here to take the quiz!

General Stats

  • This quiz has been taken 100 times
  • The average score is 25 of 51

Answer Stats

HintAnswer% Correct
Mike Pence45. Donald Trump's VP
90%
Kamala Harris46. Joe Biden's VP
86%
George H. W. Bush40. Ronald Reagan's VP
83%
Al Gore42. Bill Clinton's VP
83%
Harry Truman32. Franklin Roosevelt's 3rd VP
81%
Lyndon B. Johnson35. John Kennedy's VP
81%
Dick Cheney43. George W. Bush's VP
81%
Joe Biden44. Barack Obama's VP
81%
Gerald Ford37. Richard Nixon's 2nd VP
79%
John Adams01. George Washington's VP
76%
Theodore Roosevelt25. William McKinley's 2nd VP
76%
Spiro Agnew37. Richard Nixon's 1st VP
76%
Dan Quayle41. George H.W. Bush's VP
74%
Martin Van Buren07. Andrew Jackson's 2nd VP
72%
Walter Mondale39. Jimmy Carter's VP
72%
Thomas Jefferson02. John Adams' VP
71%
Calvin Coolidge29. Warren Harding's VP
71%
Richard Nixon34. Dwight Eisenhower's VP
71%
John Tyler09. William Henry Harrison's VP
62%
Andrew Johnson16. Abraham Lincoln's 2nd VP
62%
Chester A. Arthur20. James Garfield's VP
62%
Millard Fillmore12. Zachary Taylor's VP
60%
Hubert Humphrey36. Lyndon Johnson's VP
60%
Nelson Rockefeller38. Gerald Ford's VP
53%
Aaron Burr03. Thomas Jefferson's 1st VP
48%
Hannibal Hamlin16. Abraham Lincoln's 1st VP
45%
John C. Breckinridge15. James Buchanan's VP
43%
John C. Calhoun 2nd VP term07. Andrew Jackson's 1st VP
41%
George Clinton 1st VP term03. Thomas Jefferson's 2nd VP
34%
John Nance Garner32. Franklin Roosevelt's 1st VP
34%
Schuyler Colfax18. Ulysses Grant's 1st VP
33%
Henry A. Wallace32. Franklin Roosevelt's 2nd VP
33%
Alben Barkley33. Harry Truman's VP
33%
John C. Calhoun 1st VP term06. John Quincy Adams' VP
31%
Thomas R. Marshall28. Woodrow Wilson's VP
29%
Charles Curtis31. Herbert Hoover's VP
28%
George Clinton 2nd VP term04. James Madison's 1st VP
26%
Levi P. Morton23. Benjamin Harrison's VP
26%
Charles Dawes30. Calvin Coolidge's VP
26%
Elbridge Gerry04. James Madison's 2nd VP
24%
Daniel D. Tompkins05. James Monroe's VP
24%
William A. Wheeler19. Rutherford Hayes' VP
24%
Thomas A. Hendricks22. Grover Cleveland's 1st Term VP
24%
Adlai E. Stevenson24. Grover Cleveland's 2nd Terrm VP
24%
James S. Sherman27. William Taft's VP
24%
George M. Dallas11. James Polk's VP
22%
Charles W. Fairbanks26. Theodore Roosevelt's VP
22%
Richard Johnson08. Martin Van Buren's VP
21%
Henry Wilson18. Ulysses Grant's 2nd VP
21%
Garret Hobart25. William McKinley's 1st VP
21%
William R. King14. Franklin Pierce's VP
17%

Score Distribution

Percentile by Number Answered

Percent of People with Each Score

Your Score History

You have not taken this quiz